<?xml version="1.0" encoding="UTF-8"?><marc:collection xmlns:marc="http://www.loc.gov/MARC21/slim">
  <marc:record>
    <marc:leader>00000nam##2200000za#4500</marc:leader>
    <marc:controlfield tag="001">9.681539</marc:controlfield>
    <marc:controlfield tag="003">CaOODSP</marc:controlfield>
    <marc:controlfield tag="005">20200330071219</marc:controlfield>
    <marc:controlfield tag="007">ta</marc:controlfield>
    <marc:controlfield tag="008">150407|2001||||xxc|||||     f|0| 0 fre|d</marc:controlfield>
    <marc:datafield tag="020" ind1=" " ind2=" ">
      <marc:subfield code="a">0-662-85952-9</marc:subfield>
    </marc:datafield>
    <marc:datafield tag="040" ind1=" " ind2=" ">
      <marc:subfield code="a">CaOODSP</marc:subfield>
      <marc:subfield code="b">fre</marc:subfield>
    </marc:datafield>
    <marc:datafield tag="043" ind1=" " ind2=" ">
      <marc:subfield code="a">n-cn---</marc:subfield>
    </marc:datafield>
    <marc:datafield tag="086" ind1="1" ind2=" ">
      <marc:subfield code="a">T22-107/2001F</marc:subfield>
    </marc:datafield>
    <marc:datafield tag="110" ind1="1" ind2=" ">
      <marc:subfield code="a">Canada. </marc:subfield>
      <marc:subfield code="b">Transports Canada.</marc:subfield>
    </marc:datafield>
    <marc:datafield tag="245" ind1="1" ind2="0">
      <marc:subfield code="a">Vision fondée sur l'équilibre : </marc:subfield>
      <marc:subfield code="b">rapport d'examen du Comité d'examen de la Loi sur les transports au Canada </marc:subfield>
    </marc:datafield>
    <marc:datafield tag="260" ind1=" " ind2=" ">
      <marc:subfield code="a">Ottawa - Ontario : </marc:subfield>
      <marc:subfield code="b">Transports Canada </marc:subfield>
      <marc:subfield code="c">2001.</marc:subfield>
    </marc:datafield>
    <marc:datafield tag="300" ind1=" " ind2=" ">
      <marc:subfield code="a">xiv, 408p. : </marc:subfield>
      <marc:subfield code="b">graphiques, tableaux ; </marc:subfield>
      <marc:subfield code="c">23 cm. + </marc:subfield>
      <marc:subfield code="e">CD-ROM.</marc:subfield>
    </marc:datafield>
    <marc:datafield tag="500" ind1=" " ind2=" ">
      <marc:subfield code="a">Données de catalogage avant publication (Canada) imprimées dans cette publication. Sommaire: Le mandat du Comité et le processus d'examen.--Le contexte de l'examen du Comité.--Principes directeurs et thèmes en vue d'un examen des enjeux et des politiques se rapportant aux transports.--Accès concurrentiel dans le secteur ferroviaire: définition des enjeux.--L'accès concurrentiel dans le secteur ferroviaire et la protection des expéditeurs recommandations.--Le processus d'examen des fusions.--L'industrie du transportaérien.--Le transport maritime.--La gestion des fournisseurs d'infrastructure commercialisés récemment.--Le financement des routes.--Traversiers, autocars et train voyageurs.--L'intérêt national dans les transports urbains.--La préservation des corridors ferroviaires urbains.--L'accessibilité des transports pour les personnes ayant une déficience.--L'impact des affaires électroniques sur les transports au Canada.--L'environnement et le développement durable.--Élaboration de la politique gouvernementale.--Autres modifications législatives.--Vers une vision nationale des transports.--Annexes. Sommaire partiel du CD-ROM: Rapport provisoire sur l'accès concurrentiel ferroviaire.--Liste des recommandations.--Information d'appoint sur le secteur ferroviaire.--Enquête auprès des expéditeurs.--Sommaires des principaux rapports de recherche.</marc:subfield>
    </marc:datafield>
    <marc:datafield tag="563" ind1=" " ind2=" ">
      <marc:subfield code="a">Couverture souple</marc:subfield>
    </marc:datafield>
    <marc:datafield tag="590" ind1=" " ind2=" ">
      <marc:subfield code="a">01-31</marc:subfield>
      <marc:subfield code="b">2001-08-03</marc:subfield>
    </marc:datafield>
    <marc:datafield tag="691" ind1="0" ind2="7">
      <marc:subfield code="a">Politique des transports</marc:subfield>
      <marc:subfield code="2">gcpds</marc:subfield>
    </marc:datafield>
    <marc:datafield tag="691" ind1="0" ind2="7">
      <marc:subfield code="a">Législation</marc:subfield>
      <marc:subfield code="2">gcpds</marc:subfield>
    </marc:datafield>
    <marc:datafield tag="691" ind1="0" ind2="7">
      <marc:subfield code="a">Transport</marc:subfield>
      <marc:subfield code="2">gcpds</marc:subfield>
    </marc:datafield>
    <marc:datafield tag="775" ind1="0" ind2="8">
      <marc:subfield code="t">Vision and balance : </marc:subfield>
      <marc:subfield code="w">(CaOODSP)9.648223</marc:subfield>
    </marc:datafield>
    <marc:datafield tag="776" ind1="0" ind2="#">
      <marc:subfield code="t">Vision fondée sur l'équilibre : </marc:subfield>
      <marc:subfield code="w">(CaOODSP)9.639884</marc:subfield>
    </marc:datafield>
  </marc:record>
</marc:collection>
